[Event "DSAM Finale 2019"]
[Site "Magdeburg"]
[Date "2019.05.31"]
[Round "4.5"]
[White "Heid, Michael"]
[Black "Huneck, Frank"]
[Result "1-0"]
[WhiteElo "1838"]
[BlackElo "1755"]
[Annotator "NA"]
[PlyCount "27"]
[EventDate "2019.05.30"]
[EventType "swiss"]
[EventCountry "GER"]
[SourceTitle "playchess.com"]
[Source "ChessBase"]
[SourceQuality "1"]
[TimeControl "40/5400+30:900+30"]

1. d4 {[%emt 0:00:00]} Nf6 {[%emt 0:00:00]} 2. Bg5 {[%emt 0:00:00]} Ne4 {[%emt 0:00:13]} 3. Bf4 {[%emt 0:00:00]} c5 {[%emt 0:00:26]} 4. e3 {[%emt 0:00:47]} Qb6 {[%emt 0:03:50]} 5. Nc3 {[%emt 0:01:20]} Qa5 {[%emt 0:08:07]} 6. Nge2 {[%emt 0:00:50]} b6 {[%emt 0:15:47]} 7. f3 {[%emt 0:07:30]} cxd4 {[%emt 0:05:47]} 8. exd4 {[%emt 0:04:09]} Nf6 {[%emt 0:02:28]} 9. Qd2 {[%emt 0:05:24]} d5 {[%emt 0:02:55]} 10. Nc1 {[%emt 0:01:29]} e6 {[%emt 0:03:44]} 11. Nb3 {[%emt 0:05:29]} Qb4 {[%emt 0:01:02]} 12. a3 {[%emt 0:00:33]} Qe7 {[%emt 0:03:24]} 13. Nb5 {[%emt 0:00:07]} Na6 {[%emt 0:02:13]} 14. Nd6+ {[%emt 0:00:17]} 1-0

[Event "DSAM Finale 2019"]
[Site "Magdeburg"]
[Date "2019.05.31"]
[Round "4.6"]
[White "Kort, Felix"]
[Black "Koretskyy, Davyd"]
[Result "1/2-1/2"]
[WhiteElo "1604"]
[BlackElo "1529"]
[Annotator "NA"]
[PlyCount "60"]
[EventDate "2019.05.30"]
[EventType "swiss"]
[EventCountry "GER"]
[SourceTitle "playchess.com"]
[Source "ChessBase"]
[SourceQuality "1"]
[TimeControl "40/5400+30:900+30"]

1. d4 {[%emt 0:00:00]} f5 {[%emt 0:00:00]} 2. c4 {[%emt 0:00:00]} Nf6 {[%emt 0:00:01]} 3. g3 {[%emt 0:00:12]} g6 {[%emt 0:00:23]} 4. Bg2 {[%emt 0:00:27]} Bg7 {[%emt 0:00:05]} 5. b3 {[%emt 0:03:47]} d6 {[%emt 0:07:39]} 6. Bb2 {[%emt 0:00:43]} Nbd7 {[%emt 0:02:03]} 7. Nh3 {[%emt 0:02:06]} e5 {[%emt 0:02:33]} 8. d5 {[%emt 0:11:36]} a5 {[%emt 0:05:40]} 9. Ng5 {[%emt 0:05:32]} Nc5 {[%emt 0:00:19]} 10. Ne6 {[%emt 0:01:46]} Nxe6 {[%emt 0:00:43]} 11. dxe6 {[%emt 0:00:10]} Qe7 {[%emt 0:14:09]} 12. Nc3 {[%emt 0:07:02]} Qxe6 {[%emt 0:05:02]} 13. Nb5 {[%emt 0:02:45]} Qe7 {[%emt 0:09:14]} 14. a4 {[%emt 0:01:04]} O-O {[%emt 0:09:18]} 15. Qd2 {[%emt 0:04:38]} Rd8 {[%emt 0:04:18]} 16. Bc3 {[%emt 0:02:49]} c6 {[%emt 0:02:59]} 17. Bxa5 {[%emt 0:01:20]} Rxa5 {[%emt 0:01:17]} 18. Qxa5 {[%emt 0:00:11]} cxb5 {[%emt 0:00:16]} 19. Qxb5 {[%emt 0:02:13]} e4 {[%emt 0:02:42]} 20. Rd1 {[%emt 0:02:20]} Be6 {[%emt 0:04:02]} 21. O-O {[%emt 0:05:01]} d5 {[%emt 0:01:21]} 22. Qb6 {[%emt 0:05:54]} Ng4 {[%emt 0:06:37]} 23. f3 {[%emt 0:05:27]} Nf6 {[%emt 0:06:37]} 24. fxe4 {[%emt 0:01:59]} Nxe4 {[%emt 0:01:23]} 25. Bxe4 {[%emt 0:04:00]} fxe4 {[%emt 0:00:08]} 26. cxd5 {[%emt 0:02:37]} Bxd5 {[%emt 0:07:46]} 27. Qa5 {[%emt 0:02:35]} Qg5 {[%emt 0:01:24]} 28. Rf4 {[%emt 0:17:21]} e3 {[%emt 0:02:52]} 29. Rg4 {[%emt 0:02:06]} Qf6 {[%emt 0:00:45]} 30. Rf4 {[%emt 0:02:27]} Ra8 {[%emt 0:03:24]} 1/2-1/2

[Event "DSAM Finale 2019"]
[Site "Magdeburg"]
[Date "2019.06.01"]
[Round "5.1"]
[White "Hesse, Henrik"]
[Black "Koellner, Ruben Gideon"]
[Result "1/2-1/2"]
[WhiteElo "2166"]
[BlackElo "2290"]
[Annotator "ChessBase"]
[PlyCount "104"]
[EventDate "2019.05.30"]
[EventType "swiss"]
[EventCountry "GER"]
[SourceTitle "playchess.com"]
[Source "ChessBase"]
[SourceQuality "1"]
[TimeControl "40/5400+30:900+30"]

1. c4 {[%emt 0:00:00]} Nf6 {[%emt 0:00:00]} 2. g3 {[%emt 0:00:13]} e6 {[%emt 0:00:00]} 3. Bg2 {[%emt 0:00:44]} d5 {[%emt 0:00:00]} 4. d4 {[%emt 0:09:18]} Bb4+ {[%emt 0:00:16]} 5. Bd2 {[%emt 0:00:12]} Bd6 {[%emt 0:00:12]} 6. Nf3 {[%emt 0:00:22]} c6 {[%emt 0:01:56]} 7. Qc2 {[%emt 0:06:05]} Ne4 {[%emt 0:00:27]} 8. Nc3 {[%emt 0:06:52]} Nxd2 {[%emt 0:00:07]} 9. Nxd2 {[%emt 0:00:09]} f5 {[%emt 0:00:14]} 10. f3 {[%emt 0:07:53]} f4 {[%emt 0:09:00]} 11. O-O-O {[%emt 0:03:02]} O-O {[%emt 0:01:00]} 12. Bh3 {[%emt 0:05:50]} Na6 {[%emt 0:06:18]} 13. a3 {[%emt 0:02:28]} Qf6 {[%emt 0:07:26]} 14. Kb1 {[%emt 0:06:36]} Rb8 {[%emt 0:06:30]} 15. cxd5 {[%emt 0:18:18]} exd5 {[%emt 0:02:58]} 16. Bxc8 {[%emt 0:00:07]} Rbxc8 {[%emt 0:00:35]} 17. gxf4 {[%emt 0:01:41]} Bxf4 {[%emt 0:00:55]} 18. Qd3 {[%emt 0:00:50]} Nc7 {[%emt 0:05:20]} 19. e3 {[%emt 0:05:16]} Bh6 {[%emt 0:00:48]} 20. f4 {[%emt 0:01:17]} Rce8 {[%emt 0:01:55]} 21. Nf3 {[%emt 0:01:15]} Qf5 {[%emt 0:00:49]} 22. Qxf5 {[%emt 0:08:09]} Rxf5 {[%emt 0:00:07]} 23. Ne5 {[%emt 0:00:31]} g5 {[%emt 0:01:55]} 24. fxg5 {[%emt 0:11:48]} Bg7 {[%emt 0:06:09]} 25. e4 {[%emt 0:00:21]} Rxg5 {[%emt 0:01:32]} 26. Rhg1 {[%emt 0:02:37]} h6 {[%emt 0:04:03]} 27. exd5 {[%emt 0:00:44]} Nxd5 {[%emt 0:02:02]} 28. Nxd5 {[%emt 0:00:32]} cxd5 {[%emt 0:00:08]} 29. h4 {[%emt 0:00:46]} Rxg1 {[%emt 0:00:47]} 30. Rxg1 {[%emt 0:00:00]} Kh7 {[%emt 0:01:00]} 31. Rc1 {[%emt 0:00:49]} Bxe5 {[%emt 0:11:18]} 32. dxe5 {[%emt 0:00:04]} Kg6 {[%emt 0:00:28]} 33. Rc7 {[%emt 0:00:28]} b6 {[%emt 0:01:47]} 34. Rxa7 {[%emt 0:01:03]} Kf5 {[%emt 0:00:14]} 35. Kc2 {[%emt 0:00:36]} Ke4 {[%emt 0:08:38]} 36. Rh7 {[%emt 0:00:27]} Re6 {[%emt 0:00:29]} 37. Kd2 {[%emt 0:00:26]} Rg6 {[%emt 0:08:44]} 38. e6 {[%emt 0:00:06]} Rxe6 {[%emt 0:00:28]} 39. Rg7 {[%emt 0:00:05]} h5 {[%emt 0:02:02]} 40. Rg5 {[%emt 0:00:25]} Rf6 {[%emt 0:02:16]} 41. Ke2 {[%emt 0:09:01]} Rh6 {[%emt 0:01:20]} 42. Kd2 {[%emt 0:05:14]} b5 {[%emt 0:04:26]} 43. Ke2 {[%emt 0:00:16]} Kd4 {[%emt 0:00:32]} 44. Rf5 {[%emt 0:01:30]} Kc4 {[%emt 0:03:55]} 45. Rf4+ {[%emt 0:00:11]} d4 {[%emt 0:00:54]} 46. Rf5 {[%emt 0:01:46]} Rg6 {[%emt 0:03:08]} 47. b3+ {[%emt 0:00:52]} Kxb3 {[%emt 0:02:04]} 48. Rxb5+ {[%emt 0:00:58]} Kc4 {[%emt 0:03:17]} 49. Rxh5 {[%emt 0:00:37]} Ra6 {[%emt 0:04:26]} 50. Rh8 {[%emt 0:00:18]} Rxa3 {[%emt 0:00:06]} 51. Rc8+ {[%emt 0:00:12]} Kd5 {[%emt 0:00:07]} 52. Rd8+ {[%emt 0:00:18]} Ke5 {[%emt 0:05:52]} 1/2-1/2

[Event "DSAM Finale 2019"]
[Site "Magdeburg"]
[Date "2019.06.01"]
[Round "5.4"]
[White "Goeldenboog, Juergen"]
[Black "Domnick, Michael"]
[Result "1-0"]
[WhiteElo "1926"]
[BlackElo "1867"]
[Annotator "NA"]
[PlyCount "107"]
[EventDate "2019.05.30"]
[EventType "swiss"]
[EventCountry "GER"]
[SourceTitle "playchess.com"]
[Source "ChessBase"]
[SourceQuality "1"]
[TimeControl "40/5400+30:900+30"]

1. d4 {[%emt 0:00:00]} Nf6 {[%emt 0:00:00]} 2. c4 {[%emt 0:00:00]} e5 {[%emt 0:00:00]} 3. dxe5 {[%emt 0:00:14]} Ng4 {[%emt 0:00:00]} 4. Nf3 {[%emt 0:00:34]} Bc5 {[%emt 0:00:14]} 5. e3 {[%emt 0:00:33]} Nc6 {[%emt 0:00:10]} 6. Be2 {[%emt 0:00:52]} Ngxe5 {[%emt 0:00:52]} 7. O-O {[%emt 0:00:35]} O-O {[%emt 0:00:28]} 8. b3 {[%emt 0:03:28] A52: Budapest Gambit} (8. Nc3 Nxf3+ 9. Bxf3 Ne5 10. Be2 Re8 11. b3 a5 12. Na4 Bf8 13. Bb2 d6 14. Nc3 c6 15. Qd2 Qh4 16. f4 Ng4 17. Bxg4 Bxg4 18. e4 a4 19. Rae1 axb3 20. axb3 {1-0 (55) Giri,A (2782)-Mamedyarov,S (2801) chess.com INT 2018}) 8... Nxf3+ {[%emt 0:00:30]} 9. Bxf3 {[%emt 0:00:05]} Qf6 {[%emt 0:00:37]} 10. Ba3 {[%emt 0:02:45]} Qxa1 {[%emt 0:03:16]} 11. Bxc5 {[%emt 0:00:17]} d6 {[%emt 0:02:24]} 12. Qd2 {[%emt 0:05:54]} Qf6 {[%emt 0:02:16]} 13. Ba3 {[%emt 0:08:24]} Ne5 {[%emt 0:04:56]} 14. Be4 {[%emt 0:00:21]} Qh4 $146 {[%emt 0:01:20]} ({Predecessor:} 14... Ng4 15. f3 Nh6 {0-1 (48) Zach,T-Saez Coma,A (1906) Plzen 2012}) 15. f4 {[%emt 0:02:01]} Ng4 {[%emt 0:02:52]} 16. h3 {[%emt 0:05:48]} Nf6 {[%emt 0:01:28]} 17. Bf3 {[%emt 0:02:08]} Re8 {[%emt 0:02:40]} 18. Nc3 {[%emt 0:00:20]} Qg3 {[%emt 0:01:09]} 19. Ne2 {[%emt 0:07:06]} Qg6 {[%emt 0:01:26]} 20. Kh2 {[%emt 0:01:39]} Ne4 {[%emt 0:01:25]} 21. Bxe4 {[%emt 0:02:49]} Qxe4 {[%emt 0:00:11]} 22. Rf3 $19 {[%emt 0:00:17]} h5 {[%emt 0:03:08]} 23. Bb2 {[%emt 0:01:40]} h4 {[%emt 0:04:09]} 24. Qc3 {[%emt 0:00:41]} Qh7 {[%emt 0:04:15]} 25. f5 {[%emt 0:01:45]} f6 {[%emt 0:06:00]} 26. Qd3 {[%emt 0:01:32]} Qh6 {[%emt 0:01:41]} 27. Nf4 {[%emt 0:05:42]} Bd7 {[%emt 0:04:36]} 28. Qd5+ {[%emt 0:16:07]} Kh7 {[%emt 0:00:29]} 29. Qxb7 {[%emt 0:03:59]} Bxf5 {[%emt 0:02:21]} 30. Nd5 {[%emt 0:01:56]} Be4 {[%emt 0:04:27]} 31. Rf4 {[%emt 0:01:22]} Bxd5 {[%emt 0:01:00]} 32. Qxd5 {[%emt 0:01:01]} Rxe3 {[%emt 0:01:54]} 33. Rg4 {[%emt 0:00:39]} Rae8 {[%emt 0:00:59]} 34. Qf5+ {[%emt 0:02:10]} Kh8 {[%emt 0:01:15]} 35. Bc1 {[%emt 0:06:08]} g5 {[%emt 0:04:52]} 36. Bxe3 {[%emt 0:01:39]} Rxe3 {[%emt 0:00:20]} 37. Qc8+ {[%emt 0:00:29]} Kh7 {[%emt 0:02:26]} 38. Qxc7+ {[%emt 0:00:24]} Qg7 {[%emt 0:01:04]} 39. Qxd6 {[%emt 0:01:53]} f5 {[%emt 0:03:02]} 40. Rd4 {[%emt 0:00:09]} g4 {[%emt 0:01:30]} 41. hxg4 {[%emt 0:16:37]} fxg4 {[%emt 0:16:16]} 42. Qd7 {[%emt 0:00:45]} Re7 {[%emt 0:03:28]} 43. Qf5+ {[%emt 0:01:03]} Qg6 {[%emt 0:02:26]} 44. Qxg6+ {[%emt 0:02:40]} Kxg6 {[%emt 0:00:05]} 45. Rxg4+ {[%emt 0:00:07]} Kh5 {[%emt 0:00:05]} 46. Rd4 {[%emt 0:00:23]} Re2 {[%emt 0:00:34]} 47. c5 {[%emt 0:00:56]} Rxa2 {[%emt 0:27:54]} 48. c6 {[%emt 0:00:32]} h3 {[%emt 0:00:00]} 49. Kxh3 {[%emt 0:00:46]} Rb2 {[%emt 0:00:00]} 50. b4 {[%emt 0:03:11]} Rb3+ {[%emt 0:00:00]} 51. g3 {[%emt 0:00:05]} Rb1 {[%emt 0:00:00]} 52. Rd5+ {[%emt 0:02:19]} Kg6 {[%emt 0:00:00]} 53. c7 {[%emt 0:00:18]} Rh1+ {[%emt 0:00:51]} 54. Kg4 {[%emt 0:00:43]} 1-0

[Event "DSAM Finale 2019"]
[Site "Magdeburg"]
[Date "2019.06.01"]
[Round "5.7"]
[White "Abed, Karim"]
[Black "Besou, Hussain"]
[Result "0-1"]
[WhiteElo "1408"]
[BlackElo "1789"]
[Annotator "NA"]
[PlyCount "48"]
[EventDate "2019.05.30"]
[EventType "swiss"]
[EventCountry "GER"]
[SourceTitle "playchess.com"]
[Source "ChessBase"]
[SourceQuality "1"]
[TimeControl "40/5400+30:900+30"]

1. d4 {[%emt 0:00:00]} Nf6 {[%emt 0:00:00]} 2. c4 {[%emt 0:00:00]} e6 {[%emt 0:00:00]} 3. Nc3 {[%emt 0:00:20]} Bb4 {[%emt 0:00:00]} 4. Bd2 {[%emt 0:00:26]} d5 {[%emt 0:00:15]} 5. e3 {[%emt 0:00:14]} O-O {[%emt 0:00:11]} 6. Nf3 {[%emt 0:00:35]} Nbd7 {[%emt 0:02:12]} 7. cxd5 {[%emt 0:02:16]} exd5 {[%emt 0:00:11]} 8. Qb3 {[%emt 0:01:06]} Bxc3 {[%emt 0:00:53]} 9. bxc3 {[%emt 0:00:39]} c6 {[%emt 0:01:32]} 10. a4 {[%emt 0:02:20]} Re8 {[%emt 0:01:54]} 11. Bd3 {[%emt 0:00:55]} Nf8 {[%emt 0:00:50]} 12. O-O {[%emt 0:00:51]} Ng6 {[%emt 0:00:10]} 13. h3 {[%emt 0:01:38]} Ne4 {[%emt 0:02:24]} 14. Bc1 {[%emt 0:07:41]} Nh4 {[%emt 0:00:35]} 15. Be2 {[%emt 0:07:19]} Qf6 {[%emt 0:09:43]} 16. Nxh4 {[%emt 0:05:30]} Qxh4 {[%emt 1:17:10]} 17. Bf3 {[%emt 0:00:14]} Ng5 {[%emt 0:00:00]} 18. Qd1 {[%emt 0:02:48]} Re6 {[%emt 0:00:00]} 19. Bh5 {[%emt 0:05:56]} Rh6 {[%emt 0:00:00]} 20. Bg4 {[%emt 0:00:26]} Rg6 {[%emt 0:00:00]} 21. Kh2 {[%emt 0:02:43]} Nxh3 {[%emt 0:00:00]} 22. Bxh3 Rxg2+ 23. Kxg2 {[%emt 0:05:03]} Bxh3+ {[%emt 0:00:00]} 24. Kh1 {[%emt 0:04:33]} Bg4+ {[%emt 0:00:00]} 0-1